Bến quê tập truyện ngắn

Zapisane w:
Opis bibliograficzny
1. autor: Cao Tiến Lê
Format: Książka
Wydane: H. Quân đội nhân dân 19787
Hasła przedmiotowe:
Etykiety: Dodaj etykietę
Nie ma etykietki, Dołącz pierwszą etykiete!
Thư viện lưu trữ: Trung tâm Học liệu Lê Vũ Hùng, Trường Đại học Đồng Tháp
LEADER 00673pam a22002178a 4500
001 00019566
005 20171026081022.0
008 110507s1978 ||||||Viesd
041 0 # |a Vie 
082 1 4 |a 895.922 3  |b B254QU 
100 0 # |a Cao Tiến Lê 
245 0 0 |c Cao Tiến Lê  |a Bến quê  |b tập truyện ngắn 
260 # # |a H.  |b Quân đội nhân dân  |c 19787 
300 # # |a 154 tr.  |c 19 cm. 
650 # 4 |a Truyện ngắn 
653 # # |a Việt Nam 
653 # # |a Văn học 
852 # # |b Kho đọc  |j KD.0005366 
852 # # |j KD.0005366 
910 |d 07/05/2011 
980 # # |a Trung tâm Học liệu Lê Vũ Hùng, Trường Đại học Đồng Tháp